[Event "Madrid ch 2021-2022 - Previa A"]
[Site "Madrid ESP"]
[Date "2022.03.08"]
[Round "2.1"]
[White "Armenteros Peral, Javier"]
[Black "Bengoa Moreno, Oscar"]
[Result "1-0"]
[WhiteElo "1992"]
[BlackElo "1629"]
[PlyCount "161"]
[EventDate "2022.03.07"]
[EventType "swiss"]
[EventRounds "9"]
[EventCountry "ESP"]
[SourceTitle "Ajedrez en Madrid"]
[Source "lmi"]
[SourceDate "2022.03.07"]
[SourceVersion "1"]
[SourceVersionDate "2022.04.04"]
[SourceQuality "1"]

1. e4 c5 2. Nf3 d6 3. d4 cxd4 4. Nxd4 Nf6 5. Nc3 a6 6. h3 e6 7. g4 h6 8. Bg2
Be7 9. O-O Qc7 10. a4 Nc6 11. Be3 Na5 12. Nce2 O-O 13. b3 d5 14. e5 Ne4 15. f4
Nc6 16. Nxc6 bxc6 17. Bxe4 dxe4 18. Ng3 f5 19. gxf5 exf5 20. Kh1 Be6 21. Rg1
Kh8 22. Rg2 Bh4 23. Qh5 Bxg3 24. Rxg3 Qf7 25. Qh4 Rg8 26. Rag1 Rac8 27. Bc5 Rc7
28. Bd6 Rd7 29. Rg6 Kh7 30. Qg3 Kh8 31. Qc3 Bd5 32. Qc5 Kh7 33. c4 Be6 34. Qxc6
Rb7 35. Bc5 Bc8 36. Bb6 e3 37. a5 e2 38. R6g3 Rd7 39. e6 Qf6 40. Kh2 Rd1 41.
Bf2 Rxg1 42. Rxg1 Qxe6 43. Qxe6 Bxe6 44. Re1 Rb8 45. Rxe2 Bf7 46. Re7 Kg6 47.
Bb6 Ra8 48. Kg3 Kf6 49. Rb7 g5 50. Bd4+ Kg6 51. Rb6+ Kh7 52. Rf6 Bg6 53. Rd6
Bf7 54. Kf3 Rb8 55. Rb6 Rd8 56. Ke3 g4 57. hxg4 fxg4 58. Be5 h5 59. f5 h4 60.
Kf4 g3 61. Kg4 Rg8+ 62. Kxh4 g2 63. Bd4 g1=Q 64. Bxg1 Rxg1 65. Rxa6 Rb1 66. Rb6
Kg7 67. Kg5 Rf1 68. a6 Ra1 69. Kf4 Kf8 70. Ke5 Bh5 71. b4 Be2 72. Rc6 Bf3 73.
Rc8+ Ke7 74. b5 Kd7 75. Rh8 Kc7 76. c5 Bg2 77. Rh7+ Kd8 78. Kd6 Rd1+ 79. Ke6
Bd5+ 80. Kf6 Rb1 81. c6 1-0

[Event "Madrid ch 2021-2022 - Previa A"]
[Site "Madrid ESP"]
[Date "2022.03.08"]
[Round "2.3"]
[White "Blazquez Sanz, Oscar"]
[Black "Moreno Torrero, Javier"]
[Result "0-1"]
[WhiteElo "1464"]
[BlackElo "1952"]
[PlyCount "112"]
[EventDate "2022.03.07"]
[EventType "swiss"]
[EventRounds "9"]
[EventCountry "ESP"]
[SourceTitle "Ajedrez en Madrid"]
[Source "lmi"]
[SourceDate "2022.03.07"]
[SourceVersion "1"]
[SourceVersionDate "2022.04.04"]
[SourceQuality "1"]

1. e4 c5 2. Nf3 Nc6 3. d4 cxd4 4. Nxd4 Nf6 5. Nc3 e6 6. Be3 Bb4 7. Bd3 d5 8.
Nxc6 bxc6 9. exd5 cxd5 10. Bd2 O-O 11. O-O e5 12. a3 Be7 13. Re1 e4 14. Bf1 Bb7
15. Be3 Qd7 16. Nb5 a6 17. Nd4 Ng4 18. f3 Nxe3 19. Rxe3 Bg5 20. Re1 f5 21. c4
Rac8 22. cxd5 Qxd5 23. fxe4 fxe4 24. Qb3 Qxb3 25. Nxb3 Rc2 26. Re2 Rfc8 27.
Rxc2 Rxc2 28. Na5 Bd5 29. Rd1 Bd2 30. Nc4 e3 31. Nxd2 exd2 32. Kf2 Rxb2 33. Ke3
Rb3+ 34. Kxd2 Rxa3 35. Rc1 Kf7 36. Rc3 Ra1 37. Rc1 Rxc1 38. Kxc1 a5 39. g4 Kf6
40. Bd3 h6 41. h4 g5 42. hxg5+ Kxg5 43. Be2 Be6 44. Kb2 Bxg4 45. Bf1 h5 46. Kb3
Bd7 47. Ka3 h4 48. Bg2 Kf4 49. Bf1 Kg3 50. Kb3 Kf2 51. Bc4 h3 52. Bd5 h2 53.
Kc4 Be6 54. Bxe6 h1=Q 55. Bd7 Qh4+ 56. Kb5 Qb4+ 0-1

[Event "Madrid ch 2021-2022 - Previa A"]
[Site "Madrid ESP"]
[Date "2022.03.08"]
[Round "2.4"]
[White "Lopez de Turiso, Jose Angel"]
[Black "De Fuenmayor Fernandez de la , Carlos Pablo"]
[Result "1-0"]
[WhiteElo "1935"]
[BlackElo "1432"]
[PlyCount "69"]
[EventDate "2022.03.07"]
[EventType "swiss"]
[EventRounds "9"]
[EventCountry "ESP"]
[SourceTitle "Ajedrez en Madrid"]
[Source "lmi"]
[SourceDate "2022.03.07"]
[SourceVersion "1"]
[SourceVersionDate "2022.04.04"]
[SourceQuality "1"]

1. Nf3 Nf6 2. g3 g6 3. Bg2 Bg7 4. c4 c5 5. Nc3 O-O 6. d4 cxd4 7. Nxd4 a6 8. O-O
e5 9. Nc2 Nc6 10. b3 Rb8 11. Ba3 Re8 12. Bd6 Ra8 13. e3 Bf8 14. Rc1 Bxd6 15.
Qxd6 Qe7 16. Rfd1 Qxd6 17. Rxd6 Kg7 18. Rcd1 Ne7 19. c5 Nf5 20. Rxf6 Kxf6 21.
Nd5+ Kg7 22. Nc7 Rh8 23. Nxa8 h5 24. h4 g5 25. hxg5 h4 26. gxh4 Nxh4 27. Nb6
Kg6 28. f4 d5 29. Nxc8 Rxc8 30. Rxd5 exf4 31. exf4 b6 32. Be4+ f5 33. gxf6+ Kf7
34. cxb6 Rg8+ 35. Kf2 1-0

[Event "Madrid ch 2021-2022 - Previa A"]
[Site "Madrid ESP"]
[Date "2022.03.08"]
[Round "2.5"]
[White "Balsera Gomez, Antonio"]
[Black "Camarero Izquierdo, Juan Carlos"]
[Result "0-1"]
[WhiteElo "1414"]
[BlackElo "1861"]
[PlyCount "58"]
[EventDate "2022.03.07"]
[EventType "swiss"]
[EventRounds "9"]
[EventCountry "ESP"]
[SourceTitle "Ajedrez en Madrid"]
[Source "lmi"]
[SourceDate "2022.03.07"]
[SourceVersion "1"]
[SourceVersionDate "2022.04.04"]
[SourceQuality "1"]

1. e4 c5 2. Nc3 d6 3. f4 e6 4. Nf3 Nd7 5. a4 a6 6. g3 b6 7. Bg2 Bb7 8. O-O Qc7
9. d3 Ngf6 10. Qe2 Be7 11. Bd2 O-O 12. e5 dxe5 13. fxe5 Nd5 14. Ne4 Nxe5 15.
Nxe5 Qxe5 16. c4 Nb4 17. Bc3 Qc7 18. Qg4 e5 19. Nf6+ Bxf6 20. Bxb7 Qxb7 21.
Rxf6 Nxd3 22. Rf3 Rad8 23. Rd1 f5 24. Rxf5 Rxf5 25. Qxf5 e4 26. Rf1 Qe7 27. Qg4
Rf8 28. Rd1 Qf7 29. Qe2 Qg6 0-1

[Event "Madrid ch 2021-2022 - Previa A"]
[Site "Madrid ESP"]
[Date "2022.03.08"]
[Round "2.6"]
[White "Carrera Cabaneros, Francisco"]
[Black "Sanchez Liso, Juan A"]
[Result "1/2-1/2"]
[WhiteElo "1805"]
[BlackElo "1418"]
[PlyCount "160"]
[EventDate "2022.03.07"]
[EventType "swiss"]
[EventRounds "9"]
[EventCountry "ESP"]
[SourceTitle "Ajedrez en Madrid"]
[Source "lmi"]
[SourceDate "2022.03.07"]
[SourceVersion "1"]
[SourceVersionDate "2022.04.04"]
[SourceQuality "1"]

1. d4 Nf6 2. c4 e5 3. d5 Bb4+ 4. Nd2 c6 5. dxc6 bxc6 6. a3 Bxd2+ 7. Bxd2 a5 8.
g3 Ne4 9. Bg2 Nxd2 10. Qxd2 O-O 11. Nf3 Re8 12. O-O a4 13. Rfd1 h6 14. c5 Na6
15. Rac1 Nc7 16. Nh4 Qf6 17. Qc2 Nb5 18. e3 Ra7 19. Nf5 d5 20. Nd6 Nxd6 21.
cxd6 Bd7 22. Qc5 Rb7 23. Rd2 Rb5 24. Qa7 Qxd6 25. Qxa4 Reb8 26. b4 f5 27. Rdc2
e4 28. Bf1 R5b6 29. Rc5 g5 30. Qd1 Qg6 31. Qd4 f4 32. Qe5 f3 33. Qc7 R8b7 34.
Qd8+ Qe8 35. Qf6 Kh7 36. R1c3 Qg6 37. Qxg6+ Kxg6 38. Rb3 h5 39. b5 cxb5 40.
Rxd5 Be6 41. Rbxb5 Bxd5 42. Rxd5 Ra7 43. h4 g4 44. Rg5+ Kh6 45. Bc4 Rb1+ 46.
Kh2 Rb2 47. Rb5 Rxb5 48. Bxb5 Rxa3 49. Be8 Ra5 50. Bc6 Re5 51. Kg1 Kg6 52. Kf1
Kf6 53. Ke1 Ke6 54. Kd2 Kd6 55. Ba4 Kc5 56. Bb3 Kb4 57. Bf7 Ra5 58. Kc2 Rc5+
59. Kb2 Re5 60. Bg6 Rd5 61. Kc2 Rc5+ 62. Kb2 Re5 63. Kc2 Ka3 64. Kc3 Rc5+ 65.
Kd4 Rc2 66. Bxh5 Rxf2 67. Bxg4 Rd2+ 68. Kxe4 f2 69. Bh3 Rd1 70. h5 Rh1 71. Bg2
Rxh5 72. g4 Rh1 73. g5 f1=Q 74. Bxf1 Rxf1 75. g6 Kb4 76. Ke5 Kc5 77. e4 Rg1 78.
Kf6 Kd4 79. e5 Rxg6+ 80. Kxg6 Kxe5 1/2-1/2

[Event "Madrid ch 2021-2022 - Previa A"]
[Site "Madrid ESP"]
[Date "2022.03.08"]
[Round "2.7"]
[White "Fuentenebro Cediel, Alberto"]
[Black "Garcia Gonzalez, Pedro A."]
[Result "0-1"]
[WhiteElo "1328"]
[BlackElo "1710"]
[PlyCount "80"]
[EventDate "2022.03.07"]
[EventType "swiss"]
[EventRounds "9"]
[EventCountry "ESP"]
[SourceTitle "Ajedrez en Madrid"]
[Source "lmi"]
[SourceDate "2022.03.07"]
[SourceVersion "1"]
[SourceVersionDate "2022.04.04"]
[SourceQuality "1"]

1. c4 Nf6 2. Nc3 e6 3. d4 d5 4. Nf3 Be7 5. Bg5 Nbd7 6. e3 a6 7. Rc1 O-O 8. cxd5
exd5 9. Bd3 b6 10. Ne5 Bb7 11. Qf3 c5 12. Qh3 Nxe5 13. dxe5 Ne4 14. Bxe7 Qxe7
15. f3 Ng5 16. Qf5 g6 17. Qf4 Rae8 18. Kf2 Ne6 19. Qg3 Qg5 20. Qxg5 Nxg5 21. h4
Ne6 22. h5 f5 23. exf6 Rxf6 24. hxg6 hxg6 25. Rh6 Kg7 26. Rch1 Nf8 27. f4 d4
28. exd4 Rxf4+ 29. Kg3 Rxd4 30. Bxg6 Re6 31. Rh7+ Nxh7 32. Rxh7+ Kxg6 33. Rxb7
Rd3+ 34. Kf4 Rd2 35. Rb8 Rf2+ 36. Kg3 Rxb2 37. Nd5 Rd6 38. Nf4+ Kf7 39. Rb7+
Kf6 40. Rh7 Rxa2 0-1

[Event "Madrid ch 2021-2022 - Previa A"]
[Site "Madrid ESP"]
[Date "2022.03.08"]
[Round "2.11"]
[White "Aquilino Rodriguez, Virgilio"]
[Black "Alvarez Abejon, Amilcar"]
[Result "0-1"]
[WhiteElo "1541"]
[BlackElo "1970"]
[PlyCount "106"]
[EventDate "2022.03.07"]
[EventType "swiss"]
[EventRounds "9"]
[EventCountry "ESP"]
[SourceTitle "Ajedrez en Madrid"]
[Source "lmi"]
[SourceDate "2022.03.07"]
[SourceVersion "1"]
[SourceVersionDate "2022.04.04"]
[SourceQuality "1"]

1. c4 c5 2. g3 g6 3. Bg2 Bg7 4. Nf3 Nc6 5. Nc3 e6 6. e3 Nge7 7. d4 cxd4 8. exd4
d5 9. cxd5 Nxd5 10. Nxd5 Qxd5 11. Be3 Qa5+ 12. Bd2 Qa6 13. Bc3 O-O 14. Bf1 Qb6
15. Bg2 Rd8 16. O-O Nxd4 17. Qa4 Ne2+ 18. Kh1 Nxc3 19. bxc3 Bxc3 20. Rab1 Qd6
21. Rfd1 Qe7 22. Rxd8+ Qxd8 23. Rd1 Qe7 24. h4 h5 25. Qf4 Ba5 26. Ng5 Bc7 27.
Qf3 Rb8 28. Ne4 b6 29. Qc3 e5 30. Rc1 Bd8 31. Ng5 Bb7 32. Re1 Bxg2+ 33. Kxg2
Qb7+ 34. Kh2 Bxg5 35. hxg5 e4 36. Qb4 Re8 37. Qd4 Qe7 38. Qe3 Rd8 39. Kg2 Rd5
40. f4 exf3+ 41. Kxf3 Rf5+ 42. Kg2 Qxe3 43. Rxe3 Rxg5 44. Ra3 Ra5 45. Rxa5 bxa5
46. Kf3 Kg7 47. Kf4 Kf6 48. Ke4 Kg5 49. Kf3 f5 50. Kg2 h4 51. Kh3 hxg3 52. Kxg3
f4+ 53. Kf3 Kf5 0-1

[Event "Madrid ch 2021-2022 - Previa A"]
[Site "Madrid ESP"]
[Date "2022.03.08"]
[Round "2.12"]
[White "Moya Barba, Diego"]
[Black "Marcos Herrero, Francisco"]
[Result "1/2-1/2"]
[WhiteElo "1482"]
[BlackElo "1897"]
[PlyCount "45"]
[EventDate "2022.03.07"]
[EventType "swiss"]
[EventRounds "9"]
[EventCountry "ESP"]
[SourceTitle "Ajedrez en Madrid"]
[Source "lmi"]
[SourceDate "2022.03.07"]
[SourceVersion "1"]
[SourceVersionDate "2022.04.04"]
[SourceQuality "1"]

1. Nf3 Nf6 2. e3 c5 3. c4 g6 4. Nc3 Bg7 5. d4 O-O 6. Be2 cxd4 7. exd4 d5 8. h3
Nc6 9. Be3 Bf5 10. O-O Rc8 11. b3 Ne4 12. Nxd5 e6 13. Nf4 Nc3 14. Qd2 Nxe2+ 15.
Nxe2 e5 16. Rac1 e4 17. Ne1 h5 18. Nc2 Kh7 19. Nb4 Bd7 20. Nxc6 bxc6 21. Nc3 f5
22. Bg5 Qc7 23. Ne2 1/2-1/2

[Event "Madrid ch 2021-2022 - Previa A"]
[Site "Madrid ESP"]
[Date "2022.03.08"]
[Round "2.13"]
[White "Fernandez Garcia, Ignacio"]
[Black "Del Olmo Linares, Marco"]
[Result "1-0"]
[WhiteElo "1844"]
[BlackElo "1477"]
[PlyCount "127"]
[EventDate "2022.03.07"]
[EventType "swiss"]
[EventRounds "9"]
[EventCountry "ESP"]
[SourceTitle "Ajedrez en Madrid"]
[Source "lmi"]
[SourceDate "2022.03.07"]
[SourceVersion "1"]
[SourceVersionDate "2022.04.04"]
[SourceQuality "1"]

1. e4 e6 2. d4 d5 3. e5 c5 4. c3 Nc6 5. Nf3 Qb6 6. Bd3 Bd7 7. dxc5 Bxc5 8. O-O
Qc7 9. Qe2 Nge7 10. b4 Bb6 11. a4 a6 12. Na3 Nd8 13. b5 a5 14. c4 Bc5 15. cxd5
Nxd5 16. Nc4 b6 17. Bd2 O-O 18. Bxh7+ Kxh7 19. Ng5+ Kg6 20. Qe4+ f5 21. exf6+
Kxf6 22. Nh7+ Ke7 23. Bg5+ Rf6 24. Rad1 Qb7 25. Qg6 Nf7 26. Qxg7 Rg8 27. Qxg8
Nxg5 28. Nxf6 Kxf6 29. Qh8+ Kg6 30. h4 Nh7 31. Ne5+ Kh6 32. Qg8 Be8 33. Qxe6+
Nhf6 34. Rxd5 Qxd5 35. Qxf6+ Kh7 36. Qf5+ Kg8 37. Qg5+ Kh7 38. Ng4 Qxg5 39.
hxg5 Bf7 40. Nf6+ Kg6 41. Ne4 Be7 42. Rc1 Bd5 43. f3 Bxe4 44. fxe4 Kxg5 45. Kf1
Kf4 46. Rc6 Bd8 47. Rd6 Bc7 48. Re6 Ke3 49. Ke1 Kd3 50. g4 Bg3+ 51. Kd1 Kc3 52.
Rxb6 Kb4 53. Ra6 Kxa4 54. b6 Kb5 55. Ra8 Kxb6 56. Kc2 Bc7 57. Kb3 Kb5 58. g5
Be5 59. g6 Kc6 60. Rxa5 Bd4 61. Rd5 Ba1 62. Kc2 Kc7 63. Kd1 Kc6 64. Ke2 1-0

[Event "Madrid ch 2021-2022 - Previa A"]
[Site "Madrid ESP"]
[Date "2022.03.08"]
[Round "2.14"]
[White "Martinez Miura, Enrique"]
[Black "Barahona Torrijos, Angel"]
[Result "0-1"]
[WhiteElo "1601"]
[BlackElo "1822"]
[PlyCount "56"]
[EventDate "2022.03.07"]
[EventType "swiss"]
[EventRounds "9"]
[EventCountry "ESP"]
[SourceTitle "Ajedrez en Madrid"]
[Source "lmi"]
[SourceDate "2022.03.07"]
[SourceVersion "1"]
[SourceVersionDate "2022.04.04"]
[SourceQuality "1"]

1. e4 e5 2. Nf3 Nc6 3. Bb5 Nd4 4. Nxd4 exd4 5. O-O c6 6. Bc4 Nf6 7. e5 d5 8.
exd6 Qxd6 9. Re1+ Be7 10. Qe2 Bf5 11. d3 O-O 12. Bd2 Rae8 13. Na3 Bd8 14. Qf1
b5 15. Bxb5 cxb5 16. Nxb5 Qd5 17. Na3 Ba5 18. Bxa5 Qxa5 19. Rxe8 Rxe8 20. Nc4
Qb4 21. a3 Qb8 22. b4 Ng4 23. g3 Be6 24. Na5 Bd5 25. f4 Qc8 26. Rc1 Qe6 27. Nc4
Ne3 28. Nxe3 Qxe3+ 0-1

[Event "Madrid ch 2021-2022 - Previa A"]
[Site "Madrid ESP"]
[Date "2022.03.08"]
[Round "2.15"]
[White "Sotoca Aguado, Jose"]
[Black "Moreno Sabroso, Ruben"]
[Result "1-0"]
[WhiteElo "1819"]
[BlackElo "1495"]
[PlyCount "65"]
[EventDate "2022.03.07"]
[EventType "swiss"]
[EventRounds "9"]
[EventCountry "ESP"]
[SourceTitle "Ajedrez en Madrid"]
[Source "lmi"]
[SourceDate "2022.03.07"]
[SourceVersion "1"]
[SourceVersionDate "2022.04.04"]
[SourceQuality "1"]

1. e4 c5 2. Nf3 g6 3. d4 cxd4 4. Nxd4 Nc6 5. Be3 Bg7 6. Bc4 Nf6 7. Nxc6 bxc6 8.
Bd4 d6 9. O-O O-O 10. Bd3 c5 11. Bc3 Ng4 12. Bxg7 Kxg7 13. Qe2 Ne5 14. Nc3 Rb8
15. b3 e6 16. f4 Nxd3 17. Qxd3 Qb6 18. Qe3 Re8 19. Kh1 Bd7 20. Rad1 f5 21. Qd3
fxe4 22. Qxd6 Bc6 23. Qe5+ Kf7 24. Rd6 Qb7 25. Nd1 Rbc8 26. Ne3 Qe7 27. Rfd1
Red8 28. Ng4 Rxd6 29. Rxd6 Bd5 30. c4 Qh4 31. Rd7+ Ke8 32. Nf6+ Kf8 33. Qd6#
1-0

[Event "Madrid ch 2021-2022 - Previa A"]
[Site "Madrid ESP"]
[Date "2022.03.08"]
[Round "2.16"]
[White "Maseda Iglesias, Luis"]
[Black "Gomez Ramirez, Jorge"]
[Result "1-0"]
[WhiteElo "1735"]
[BlackElo "1251"]
[PlyCount "95"]
[EventDate "2022.03.07"]
[EventType "swiss"]
[EventRounds "9"]
[EventCountry "ESP"]
[SourceTitle "Ajedrez en Madrid"]
[Source "lmi"]
[SourceDate "2022.03.07"]
[SourceVersion "1"]
[SourceVersionDate "2022.04.04"]
[SourceQuality "1"]

1. d4 Nf6 2. Nf3 e6 3. e3 d5 4. Bd3 Bd6 5. Nbd2 O-O 6. O-O c5 7. c3 b6 8. Qe2
Qc7 9. e4 dxe4 10. Nxe4 Nxe4 11. Qxe4 g6 12. Qxa8 Nc6 13. Be4 Bb7 14. Qxf8+
Kxf8 15. Bh6+ Ke8 16. dxc5 bxc5 17. Rad1 f6 18. Rfe1 Ke7 19. Be3 Nd8 20. Bxb7
Qxb7 21. Rd2 Nf7 22. Red1 h5 23. Rxd6 Nxd6 24. Bxc5 Qxb2 25. Bxd6+ Kf7 26. Bb4
Qxa2 27. Rd7+ Kg8 28. h4 a5 29. Rd8+ Kf7 30. Bd6 Qa1+ 31. Kh2 Qxc3 32. Rd7+ Kg8
33. Rc7 Qd3 34. Bc5 Qe4 35. Be3 a4 36. Ra7 Qb4 37. Ra8+ Kf7 38. Nd4 Qb7 39.
Rxa4 e5 40. Nf3 Ke6 41. Ra7 Qd5 42. Nd2 Kf5 43. g3 g5 44. hxg5 fxg5 45. Ra4 Qc6
46. Rc4 Qd6 47. Bxg5 Kxg5 48. Ne4+ 1-0

[Event "Madrid ch 2021-2022 - Previa A"]
[Site "Madrid ESP"]
[Date "2022.03.08"]
[Round "2.17"]
[White "Hernandez Gutierrez, Jose"]
[Black "Diaz Del Prado, Carlos"]
[Result "1-0"]
[WhiteElo "1732"]
[BlackElo "1375"]
[PlyCount "45"]
[EventDate "2022.03.07"]
[EventType "swiss"]
[EventRounds "9"]
[EventCountry "ESP"]
[SourceTitle "Ajedrez en Madrid"]
[Source "lmi"]
[SourceDate "2022.03.07"]
[SourceVersion "1"]
[SourceVersionDate "2022.04.04"]
[SourceQuality "1"]

1. d4 Nf6 2. c4 e6 3. Nf3 d5 4. g3 c6 5. Bg2 Bd6 6. b3 Nbd7 7. Bb2 O-O 8. O-O
Re8 9. Nc3 e5 10. dxe5 Nxe5 11. cxd5 Nxf3+ 12. Bxf3 Bh3 13. Re1 cxd5 14. Nxd5
Nxd5 15. Qxd5 Rb8 16. Red1 Be7 17. Qh5 Bd7 18. Bg4 Bxg4 19. Qxg4 g6 20. Rxd8
Rbxd8 21. Qf4 Rd6 22. Qe5 f6 23. Qb5 1-0

[Event "Madrid ch 2021-2022 - Previa A"]
[Site "Madrid ESP"]
[Date "2022.03.08"]
[Round "2.18"]
[White "Rodriguez Garcia, Jose Maria"]
[Black "Mora Agudo, Jose Alberto"]
[Result "1-0"]
[WhiteElo "1963"]
[BlackElo "1604"]
[PlyCount "91"]
[EventDate "2022.03.07"]
[EventType "swiss"]
[EventRounds "9"]
[EventCountry "ESP"]
[SourceTitle "Ajedrez en Madrid"]
[Source "lmi"]
[SourceDate "2022.03.07"]
[SourceVersion "1"]
[SourceVersionDate "2022.04.04"]
[SourceQuality "1"]

1. d4 Nf6 2. Nf3 d5 3. e3 Bf5 4. c4 c6 5. Nc3 e6 6. Qb3 Qb6 7. c5 Qxb3 8. axb3
Nbd7 9. b4 Ne4 10. Bd2 Be7 11. b5 O-O 12. Be2 e5 13. b4 Bf6 14. bxc6 bxc6 15.
Ra6 exd4 16. Nxd4 Bxd4 17. exd4 Nxc3 18. Bxc3 Rfe8 19. Kd2 Nf6 20. f3 Re6 21.
Rha1 Rae8 22. Bf1 g5 23. Rxa7 g4 24. Ra8 gxf3 25. Rxe8+ Rxe8 26. gxf3 Kf8 27.
b5 cxb5 28. Bxb5 Rb8 29. Be2 Ne8 30. Ra7 Rc8 31. Ba6 Rc7 32. Rb7 Bd7 33. Ba5
Rxb7 34. Bxb7 Be6 35. c6 Ke7 36. c7 Nxc7 37. Bxc7 Kf6 38. Ke3 Kf5 39. Ba6 h5
40. Bf4 Kg6 41. Bd3+ f5 42. Bc7 h4 43. Kf4 h3 44. Bf1 Kh5 45. Bxh3 Kg6 46. Bd8
1-0

[Event "Madrid ch 2021-2022 - Previa A"]
[Site "Madrid ESP"]
[Date "2022.03.08"]
[Round "2.19"]
[White "Esteban Amo, Jose M."]
[Black "Sanchez Arriola, Ignacio"]
[Result "1-0"]
[WhiteElo "1874"]
[BlackElo "1596"]
[PlyCount "67"]
[EventDate "2022.03.07"]
[EventType "swiss"]
[EventRounds "9"]
[EventCountry "ESP"]
[SourceTitle "Ajedrez en Madrid"]
[Source "lmi"]
[SourceDate "2022.03.07"]
[SourceVersion "1"]
[SourceVersionDate "2022.04.04"]
[SourceQuality "1"]

1. d4 d5 2. Nf3 c6 3. e3 Nf6 4. c4 e6 5. Nc3 Be7 6. Bd3 dxc4 7. Bxc4 b5 8. Bd3
Bb7 9. O-O O-O 10. Qe2 a6 11. Rd1 Qc7 12. Bd2 Nbd7 13. Rac1 Qd8 14. Be1 Nb6 15.
b3 Nbd5 16. Ne4 Nxe4 17. Bxe4 Rc8 18. Ne5 Bd6 19. Nd3 Qh4 20. f4 Qh6 21. Nc5
Nxf4 22. Qf3 Bxc5 23. Rxc5 Nd5 24. Bd2 Qh4 25. g3 Qe7 26. Bb1 Rfd8 27. Rf1 Nf6
28. Bb4 Qe8 29. Rg5 Kh8 30. Rxg7 Qg8 31. Rxg8+ Nxg8 32. Qxf7 Nf6 33. Qxf6+ Kg8
34. Qf7+ 1-0

[Event "Madrid ch 2021-2022 - Previa A"]
[Site "Madrid ESP"]
[Date "2022.03.08"]
[Round "2.20"]
[White "Villodre Miranda, Juan Alonso"]
[Black "Bolea Olivan, Jose Angel"]
[Result "1/2-1/2"]
[WhiteElo "1563"]
[BlackElo "1810"]
[PlyCount "68"]
[EventDate "2022.03.07"]
[EventType "swiss"]
[EventRounds "9"]
[EventCountry "ESP"]
[SourceTitle "Ajedrez en Madrid"]
[Source "lmi"]
[SourceDate "2022.03.07"]
[SourceVersion "1"]
[SourceVersionDate "2022.04.04"]
[SourceQuality "1"]

1. c4 e5 2. e4 Bc5 3. Nc3 Nc6 4. g3 d6 5. Bg2 f5 6. d3 Nf6 7. Nge2 O-O 8. h3
fxe4 9. dxe4 Be6 10. Nd5 Nb4 11. O-O c6 12. Nxb4 Bxb4 13. b3 a5 14. Be3 d5 15.
cxd5 cxd5 16. exd5 Bxd5 17. Bg5 Bxg2 18. Kxg2 Qb6 19. Be3 Qc6+ 20. Kg1 Nd5 21.
Qd3 Qe6 22. Kg2 b6 23. Rac1 Rad8 24. Qe4 Nxe3+ 25. fxe3 Rd2 26. Rxf8+ Kxf8 27.
Rf1+ Ke7 28. Qf3 Qd5 29. e4 Qd8 30. Kh1 Qd3 31. Qf8+ Ke6 32. Qc8+ Ke7 33. Qc7+
Ke6 34. Qc8+ Ke7 1/2-1/2

[Event "Madrid ch 2021-2022 - Previa A"]
[Site "Madrid ESP"]
[Date "2022.03.08"]
[Round "2.21"]
[White "Jolani, Parnian"]
[Black "Martin Sanchez, Pablo"]
[Result "1-0"]
[WhiteElo "1553"]
[BlackElo "1766"]
[PlyCount "113"]
[EventDate "2022.03.07"]
[EventType "swiss"]
[EventRounds "9"]
[EventCountry "ESP"]
[SourceTitle "Ajedrez en Madrid"]
[Source "lmi"]
[SourceDate "2022.03.07"]
[SourceVersion "1"]
[SourceVersionDate "2022.04.04"]
[SourceQuality "1"]

1. e4 c5 2. c3 e6 3. d4 cxd4 4. cxd4 d5 5. e5 Nc6 6. Nf3 h6 7. a3 Nge7 8. Be3
Bd7 9. Nc3 a6 10. Bd3 b5 11. b4 Nc8 12. Nd2 Nb6 13. Nb3 Nc4 14. Qc2 Be7 15. Qc1
Rc8 16. Ra2 Qb6 17. Nc5 Bxc5 18. bxc5 Qa7 19. O-O N6a5 20. Qc2 Bc6 21. Rb1 Rb8
22. Rb4 O-O 23. Qc1 f5 24. exf6 Rxf6 25. Qb1 Rbf8 26. Qc1 e5 27. Bxc4 Nxc4 28.
a4 Qd7 29. axb5 axb5 30. dxe5 Nxe5 31. Qb1 Nc4 32. Bd4 Re6 33. Re2 Rfe8 34.
Rxe6 Rxe6 35. h3 Re8 36. Qg6 Rb8 37. Ne2 Rb7 38. Bxg7 Qxg7 39. Qxc6 Qa1+ 40.
Kh2 Qe5+ 41. Ng3 Re7 42. Rxb5 Re6 43. Rb8+ Kf7 44. Rb7+ Kf6 45. Qc8 Kg5 46. f4+
Kxf4 47. Rf7+ Ke3 48. Rf3+ Kd4 49. Rf5 Qe3 50. Qa8 Ne5 51. Qa1+ Kxc5 52. Qa7+
Rb6 53. Qa5+ Rb5 54. Qc7+ Nc6 55. Rf6 Qe8 56. Qd6+ Kb6 57. Rf8 1-0

[Event "Madrid ch 2021-2022 - Previa A"]
[Site "Madrid ESP"]
[Date "2022.03.08"]
[Round "2.22"]
[White "Lopez Heras, Arturo"]
[Black "Rubio Rivera, Felix"]
[Result "1-0"]
[WhiteElo "1757"]
[BlackElo "1460"]
[PlyCount "61"]
[EventDate "2022.03.07"]
[EventType "swiss"]
[EventRounds "9"]
[EventCountry "ESP"]
[SourceTitle "Ajedrez en Madrid"]
[Source "lmi"]
[SourceDate "2022.03.07"]
[SourceVersion "1"]
[SourceVersionDate "2022.04.04"]
[SourceQuality "1"]

1. e4 e5 2. Nf3 Nc6 3. d4 exd4 4. Nxd4 Nf6 5. Nxc6 bxc6 6. e5 Qe7 7. Qe2 Nd5 8.
c4 Ba6 9. b3 g6 10. g3 Bg7 11. Bb2 O-O 12. Bg2 Rae8 13. O-O Bxe5 14. Bxe5 Qxe5
15. Qxe5 Rxe5 16. cxd5 cxd5 17. Rd1 c6 18. Nc3 Rfe8 19. Rac1 f5 20. Bf1 Bxf1
21. Kxf1 Kf7 22. Rd4 Rb8 23. Rcd1 Re7 24. Re1 Re6 25. h4 Rxe1+ 26. Kxe1 h5 27.
Kd2 d6 28. Ne2 Re8 29. Ra4 Re7 30. Ra6 Rc7 31. Nd4 1-0

[Event "Madrid ch 2021-2022 - Previa A"]
[Site "Madrid ESP"]
[Date "2022.03.09"]
[Round "3.1"]
[White "Camarero Izquierdo, Juan Carlos"]
[Black "Armenteros Peral, Javier"]
[Result "0-1"]
[WhiteElo "1861"]
[BlackElo "1992"]
[PlyCount "80"]
[EventDate "2022.03.07"]
[EventType "swiss"]
[EventRounds "9"]
[EventCountry "ESP"]
[SourceTitle "Ajedrez en Madrid"]
[Source "lmi"]
[SourceDate "2022.03.07"]
[SourceVersion "1"]
[SourceVersionDate "2022.04.04"]
[SourceQuality "1"]

1. d4 d5 2. Nc3 Bf5 3. f3 Nf6 4. Bg5 Nbd7 5. e3 c6 6. g4 Bg6 7. Bd3 Bxd3 8.
Qxd3 e5 9. O-O-O Be7 10. h4 Qb6 11. Nge2 O-O-O 12. dxe5 Nxe5 13. Qf5+ Ned7 14.
e4 h6 15. Bd2 dxe4 16. fxe4 Qc5 17. Qf1 Nxg4 18. Qf4 h5 19. Rh3 Bf6 20. Be3
Nxe3 21. Rxe3 Qe5 22. Qf2 Nc5 23. Rf1 Rhe8 24. Qg2 Qd6 25. Ng3 Bxc3 26. Rxc3
Nxe4 27. Nxe4 Rxe4 28. Rd3 Rd4 29. Qxg7 Rxd3 30. cxd3 Qxd3 31. Qxf7 Qe3+ 32.
Kb1 Qe4+ 33. Ka1 Qxh4 34. a3 Qg4 35. Rf5 h4 36. Qe6+ Kb8 37. Qe5+ Ka8 38. Qc7
Rd1+ 39. Ka2 Qc4+ 40. b3 Qc2# 0-1

[Event "Madrid ch 2021-2022 - Previa A"]
[Site "Madrid ESP"]
[Date "2022.03.09"]
[Round "3.2"]
[White "Moreno Torrero, Javier"]
[Black "Ramos Antona, Enrique"]
[Result "1-0"]
[WhiteElo "1952"]
[BlackElo "1512"]
[PlyCount "37"]
[EventDate "2022.03.07"]
[EventType "swiss"]
[EventRounds "9"]
[EventCountry "ESP"]
[SourceTitle "Ajedrez en Madrid"]
[Source "lmi"]
[SourceDate "2022.03.07"]
[SourceVersion "1"]
[SourceVersionDate "2022.04.04"]
[SourceQuality "1"]

1. d4 Nf6 2. c4 e6 3. Nf3 b6 4. g3 Bb7 5. Bg2 Be7 6. O-O O-O 7. d5 d6 8. dxe6
fxe6 9. Bh3 e5 10. Ng5 Bc8 11. Be6+ Bxe6 12. Nxe6 Qd7 13. Nxf8 Qh3 14. f3 d5
15. cxd5 Bc5+ 16. e3 e4 17. Ne6 exf3 18. Qxf3 Ng4 19. Qf8+ 1-0